Giáo dục môi trường qua môn địa lí

Vai trò, nhiệm vụ và phương hướng giáo dục môi trường ở trường phổ thông. Hiện trạng môi trường và vấn đề bảo vệ tài nguyên, môi trường. Giáo dục môi trường qua môn địa lí ở trường phổ thông...

ver descrição completa

Na minha lista:
Detalhes bibliográficos
Autor principal: Nguyễn, Phi Hạnh
Formato: Livro
Idioma:Undetermined
Publicado em: Hà Nội Đại học Sư phạm Hà Nội 2004
Assuntos:
Tags: Adicionar Tag
Sem tags, seja o primeiro a adicionar uma tag!
Thư viện lưu trữ: Trung tâm Học liệu Trường Đại học Cần Thơ
LEADER 00979nam a2200217Ia 4500
001 CTU_101401
008 210402s9999 xx 000 0 und d
020 |c 25000 
082 |a 363.7 
082 |b H107 
100 |a Nguyễn, Phi Hạnh 
245 0 |a Giáo dục môi trường qua môn địa lí 
245 0 |c Nguyễn Phi Hạnh, Nguyễn Thị Thu Hằng 
260 |a Hà Nội 
260 |b Đại học Sư phạm Hà Nội 
260 |c 2004 
520 |a Vai trò, nhiệm vụ và phương hướng giáo dục môi trường ở trường phổ thông. Hiện trạng môi trường và vấn đề bảo vệ tài nguyên, môi trường. Giáo dục môi trường qua môn địa lí ở trường phổ thông 
650 |a Pollution,Environmental education 
650 |x Environmental aspects 
904 |i Vương 
980 |a Trung tâm Học liệu Trường Đại học Cần Thơ